[Event "VIE-ch U09 Girls"]
[Site "Ho Chi Minh City"]
[Date "2014.07.13"]
[Round "1"]
[White "Nguyen, Thi Ha Phuong"]
[Black "Nguyen, Thuy Dung"]
[Result "1-0"]
[WhiteElo "1561"]
[BlackElo "1593"]
[PlyCount "129"]
[EventDate "2014.07.13"]
[EventType "swiss"]
[EventRounds "9"]
[EventCountry "VIE"]
[SourceTitle "EXT 2016"]
[Source "ChessBase"]
[SourceDate "2015.10.08"]
[SourceVersion "1"]
[SourceVersionDate "2015.10.08"]
[SourceQuality "1"]

1. e4 e6 2. d4 d5 3. e5 c5 4. Nf3 Nc6 5. Bb5 Bd7 6. Bxc6 Bxc6 7. Nc3 Qb6 8. 0-0 f6 9. Qe2 Bd7 10. dxc5 Bxc5 11. exf6 Nxf6 12. Ne5 0-0 13. Bg5 Bc8 14. Bxf6 Rxf6 15. a3 Qxb2 16. Na4 Qd4 17. Nxc5 Qxc5 18. h3 b6 19. Rfe1 d4 20. a4 Qd5 21. Ng4 Rg6 22. Qe5 Qxe5 23. Nxe5 Rg5 24. h4 Rf5 25. Nc6 Rd5 26. Ne7+ Kf8 27. Nxd5 exd5 28. Rad1 Bf5 29. Re2 Re8 30. Rxe8+ Kxe8 31. Rxd4 Bxc2 32. Rxd5 Bxa4 33. Kf1 Bc6 34. Rd6 Ke7 35. Rd1 Bb5+ 36. Ke1 Bc4 37. Rc1 b5 38. Ra1 Kf6 39. Rxa7 Bd5 40. Ra6+ Ke5 41. Ra5 b4 42. Kd2 b3 43. Kc3 Ke6 44. g4 Bf3 45. Kxb3 Bxg4 46. Rg5 Bd1+ 47. Kc3 g6 48. Kd4 Bc2 49. h5 gxh5 50. Rxh5 Kd6 51. Rh6+ Ke7 52. Ke5 Kf7 53. f4 Kg7 54. Rh1 Ba4 55. f5 Bc6 56. f6+ Kg6 57. Rg1+ Kf7 58. Rg7+ Kf8 59. Rxh7 Be8 60. Ke6 Kg8 61. f7+ Bxf7+ 62. Rxf7 Kh8 63. Kf6 Kg8 64. Kg6 Kh8 65. Rf8# 1-0